banner-ar

توراث النمو الثلاث / (Record no. 41083)

MARC details
000 -الفاتح
حقل البيانات ثابتة الطول 00510nam a2200193Ia 4500
008 - عناصر البيانات ثابتة الطول - معلومات عامة
حقل البيانات ثابتة الطول 140319s9999 xx 000 0 ara d
040 ## - مصدر الفهرسة
وكالة الفهرسة الأصلية GCL /
وكالة النسخ GCL
082 04 - رقم تصنيف ديوى العشرى
رقم التصنيف 301.243
رقم المادة ب ت
100 1# - المدخل الرئيسى - إسم شخصى
الإسم الشخصى بوريل
245 10 - بيان العنوان
العنوان توراث النمو الثلاث /
بيان المسئوليه,etc بوريل
700 1# - المدخل الاضافى - اسم شخصى
الإسم الشخصى بول
700 1# - المدخل الاضافى - اسم شخصى
الإسم الشخصى اديب العاقل
300 ## - الوصف المادى
التعداد 396
650 04 - المدخل الاضافى بالموضوع-مصطلح موضوعى
مصطلح موضوعي الاجتماع
650 04 - المدخل الاضافى بالموضوع-مصطلح موضوعى
مصطلح موضوعي التغير الاجتماعى
650 04 - المدخل الاضافى بالموضوع-مصطلح موضوعى
مصطلح موضوعي البناء الاجتماعى
942 ## - عناصر المدخل الإضافي( كوها)
مصدر التصنيف او مخطط الترفيف Dewey Decimal Classification
Koha [default] item type كتاب
Holdings
حالة التراجع حالة الفقد حالة تلف ليس للاعارة المكان المؤقت الموقع الحالى تاريخ الاكتساب اجمالي اﻻعارات رقم الطلب الباركود تاريخ اخر مشاهدة تاريخ تفعيل السعر نوع وعاء كوها
        مكتبة القاهرة الكبرى مكتبة القاهرة الكبرى 03/26/2014   301.243\ب ت 99071 03/26/2014 03/26/2014 كتاب
        مكتبة القاهرة الكبرى مكتبة القاهرة الكبرى 03/26/2014   301.243\ب ت 99072 03/26/2014 03/26/2014 كتاب

Powered By

EGPV